00345nam a2200133Ia 4500008004100000041000800041082001700049100001600066245004500082250001400127260003200141300003100173365000700204240624s9999 xx 000 0 und d aeng a658.0072 SEK aSEKARAN UMA aRESEARCH METHODS FOR BUSINESS A SKILL BU a(5th ed.) c2003aSingaporebJohn Wiley axiv, : 450 : p. : cm. ; 24 cRS